| 000 | 00652nam a2200217 a 4500 | ||
|---|---|---|---|
| 999 |
_c2505 _d2505 |
||
| 001 | 2505 | ||
| 003 | BD-JhCC | ||
| 005 | 20171108093148.0 | ||
| 008 | 171104s1380 bg |||| |||| 000 0 ben d | ||
| 035 | _a(BD-JhCC)2505 | ||
| 040 |
_aBD-JhCC _dBD-JhCC |
||
| 041 | _aben | ||
| 082 |
_a891.4409 _bHAD 1380 |
||
| 100 | _aহাদী, মনোয়ার | ||
| 245 |
_aসাহিত্য গবেষণা / _cমনোয়ার হাদী |
||
| 260 |
_aঢাকা : _bইবনে হাদী, _c১৩৮০. |
||
| 300 |
_a১৩৬ পৃ. : _c২২ সেমি. |
||
| 650 | _aLiterature research | ||
| 942 |
_2ddc _cBK |
||